Statistics for Heilongjiang Province Quiz

Click here to take the quiz!

General Stats

  • This quiz has been taken 35 times
  • The average score is 9 of 10

Answer Stats

HintAnswer% Correct
CapitalHarbin
97%
Bordering foreign countryRussia
97%
The name derives from the Heilong, also known as Amur. What is it?A river
94%
This largest Chinese ethnic group has been dominant in the region only since the 19th centuryHan
91%
Puppet state of Japan that Heilongjiang was part of 1932-45Manchukuo
91%
This last emperial Chinese dynasty originated in HeilongjiangQing
91%
A few of these endangered big cats can be found in HeilongjiangSiberian {Tiger}
91%
Famous wintry festival that take place in the capitalIce Festival
84%
Yabuli is China's largest resort for this sportSkiing
84%
Daqing is China's largest...?{Oil}field
75%

Score Distribution

Percentile by Number Answered

Percent of People with Each Score

Your Score History

You have not taken this quiz